000 00690nam a2200217Ii 4500
003 JO-AjNU
008 230605s9999||||xx |||||||||||||| ||und||
017 _a2006/11/2982
040 _aJO-AjNU
_bara
_erda
_cJO-AjNU
041 _aara
050 1 4 _aPJ7860 2006
100 3 _aتأليف الدرباشي،عبد المعطي,
_eauthor
_924577
245 0 0 _aمعا على الطريق: شعر الديوان الثالث
250 _aط1
264 3 1 _aعمان:المؤلف،2006
300 _a86ص
336 _atext
_btxt
_2rdacontent
337 _aunmediated
_bn
_2rdamedia
338 _avolume
_bnc
_2rdacarrier
650 4 _aالشعر العربي - العصر الحديث
_924578
999 _aA9072
_c12640
_d12640